[Event "Challenge"]
[Site "http://www.queenalice.com/game.php?id=174630"]
[Date "2007.2.27"]
[Round "-"]
[White "rubon"]
[Black "antheu"]
[Result "0-1"]
[WhiteElo "1323"]
[BlackElo "1233"]

1. g4 e5 2. Nf3 Nc6 3. e4 Bb4 4. c3 Bc5 5. b4 d6 6. h4 Nf6 7. bxc5 Bxg4 8. Ba3
Nxe4 9. Bg2 Qd7 10. Qb3 Na5 11. Qb4 b6 12. Qxe4 Rb8 13. Bh3 Bxh3 14. cxd6 cxd6
15. Ng5 Bf5 16. Qd5 Qe7 17. Bxd6 Rd8 18. Qb5+ Qd7 19. Qxe5+ Qe6 20. Bc7 Qxe5+
21. Kd1 Qxc7 22. Re1+ Kd7 23. Nxf7 Bg4+ 24. Kc1 Rhf8 25. Ne5+ Kd6 26. Nxg4 Rf4
27. Ne3 Rxh4 28. Nf5+ Kc6 29. Nxh4 Qf4 30. Re3 Qxh4 31. Na3 Qh1+ 32. Kb2 Qg2 33.
c4 Rxd2+ 34. Nc2 Qxf2 35. Re6+ Kd7 36. Rae1 Nxc4+ 37. Kc1 Rxc2+ 38. Kd1 Qd2# 0-1

[Event "Tereso"]
[Site "http://www.queenalice.com/game.php?id=175541"]
[Date "2007.3.1"]
[Round "-"]
[White "Kratos"]
[Black "antheu"]
[Result "1-0"]
[WhiteElo "1535"]
[BlackElo "1181"]

1. e4 e5 2. Nf3 Nc6 3. Bc4 Bc5 4. O-O Qe7 5. d3 Nf6 6. Nc3 d6 7. Nd5 O-O 8.
Nxe7+ Nxe7 9. Bg5 Bg4 10. h3 Bh5 11. c3 Nc6 12. Bxf6 a6 13. Bg5 b5 14. Bd5 b4
15. Bxc6 Rab8 16. Qa4 d5 17. Bxd5 bxc3 18. bxc3 Rb6 19. Nxe5 Be2 20. Nd7 Re8 21.
Nxb6 Bxf1 22. Qxe8+ Bf8 23. Qxf7+ Kh8 24. Qxf8# 1-0

[Event "Challenge"]
[Site "http://www.queenalice.com/game.php?id=177880"]
[Date "2007.3.6"]
[Round "-"]
[White "holandes"]
[Black "antheu"]
[Result "1-0"]
[WhiteElo "1519"]
[BlackElo "1211"]

1. e4 c5 2. c3 Nf6 3. e5 Ng4 4. h3 Nxe5 5. d4 Nec6 6. d5 Ne5 7. f4 Qc7 8. fxe5
Qxe5+ 9. Be2 g6 10. Nf3 Qg3+ 11. Kf1 Bg7 12. Nbd2 O-O 13. Ne4 Qc7 14. Be3 e6 15.
Bxc5 Re8 16. d6 Qc6 17. a4 Qxe4 18. Bd3 Qd5 19. b4 Bxc3 20. Rc1 Bb2 21. Rc2 Ba3
22. Qe2 b6 23. Bc4 Qf5 24. Bd3 Qd5 25. Bc4 Qf5 26. Bd3 Qf6 27. Bd4 e5 28. Bxe5
Qe6 29. Bc4 Ba6 30. b5 Qf5 31. Rc3 Qb1+ 32. Ne1 Qb2 33. Re3 Qxe2+ 34. Rxe2 Bb7
35. Nf3 Rc8 36. Rc2 Be4 37. Bxf7+ Kxf7 38. Rxc8 Bd3+ 39. Ke1 Bb4+ 40. Kd1 Be4
41. Rh8 h5 42. Ng5# 1-0

[Event "Bora, bora!"]
[Site "http://www.queenalice.com/game.php?id=182851"]
[Date "2007.3.16"]
[Round "-"]
[White "groo"]
[Black "antheu"]
[Result "0-1"]
[WhiteElo "1311"]
[BlackElo "1207"]

1. e4 c5 2. Bc4 Nf6 3. d3 g6 4. Nh3 Qa5+ 5. c3 Bg7 6. Qf3 O-O 7. Ng5 Nc6 8. Qh3
h6 9. Nf3 d5 10. exd5 Bxh3 11. gxh3 b5 12. Bb3 Nd8 13. Nbd2 e6 14. dxe6 Nxe6 15.
Bd5 Rad8 16. Bxe6 Rde8 17. O-O Rxe6 18. c4 Qa4 19. b3 Qb4 20. Re1 Nh5 21. Rb1
Nf4 22. a3 Qc3 23. Ne4 Qxd3 24. Nxc5 Nxh3+ 25. Kg2 Nf4+ 26. Kg1 Qxf3 27. Bxf4
Qxf4 28. Nxe6 fxe6 29. Re2 Qf5 30. cxb5 Qxb1+ 31. Kg2 Qd3 32. Rxe6 Qd5+ 0-1

[Event "quebrando os Rolex do preconceit"]
[Site "http://www.queenalice.com/game.php?id=184839"]
[Date "2007.3.19"]
[Round "-"]
[White "Kratos"]
[Black "antheu"]
[Result "1-0"]
[WhiteElo "1532"]
[BlackElo "1203"]

1. Nf3 c5 2. Na3 Qa5 3. Nc4 Qb4 4. Nfe5 d5 5. Ne3 Nf6 6. a3 Qa5 7. c3 Nc6 8.
N5g4 g6 9. b3 Bg7 10. f3 O-O 11. Bb2 e6 12. f4 Qb5 13. a4 Qa5 14. Ne5 Bd7 15. c4
Qb4 16. cxd5 Na5 17. Bc3 Qxb3 18. Bxa5 Qxd1+ 19. Kxd1 b6 20. Bc3 b5 21. axb5
Bxb5 22. d6 Rfd8 23. Rb1 a6 24. N3g4 Nd5 25. e4 Nxf4 26. Bxb5 axb5 27. Rxb5 Ra1+
28. Bxa1 c4 29. d7 Nxg2 30. Rc5 f6 31. Rc8 Rxc8 32. dxc8=Q+ Bf8 33. Qxe6+ Kg7
34. Qf7+ Kh8 35. Qxf8# 1-0

[Event "Challenge"]
[Site "http://www.queenalice.com/game.php?id=185214"]
[Date "2007.3.20"]
[Round "-"]
[White "VANITA"]
[Black "antheu"]
[Result "1-0"]
[WhiteElo "1297"]
[BlackElo "1315"]

1. d4 c5 2. e3 Qc7 3. Bc4 Nf6 4. Bd2 d5 5. Bb5+ Bd7 6. Nc3 a6 7. a4 axb5 8. axb5
Qb6 9. Rxa8 Qc7 10. Nxd5 Nxd5 11. Nh3 g6 12. O-O Bxb5 13. c4 Bxc4 14. Qa4+ Kd8
15. Qxc4 Nb6 16. Qc2 Nxa8 17. Ra1 Nb6 18. Nf4 Bg7 19. Ba5 Qc6 20. dxc5 Kd7 21.
Nd3 e5 22. Rd1 Nd5 23. Bc3 f6 24. Nb4 Qxc5 25. Nxd5 Kd6 26. Nb4+ Ke7 27. Rd5 Qc4
28. Qa4 Ke6 29. Qa7 Qb3 30. Qa5 Bf8 31. Qb6+ Nc6 32. Qxb7 Kf5 33. Qxc6 Ke4 34.
Qxf6 Qa2 35. f3+ Kxe3 36. Qxe5# 1-0

[Event "Seu ..."]
[Site "http://www.queenalice.com/game.php?id=185464"]
[Date "2007.3.21"]
[Round "-"]
[White "Kratos"]
[Black "antheu"]
[Result "1-0"]
[WhiteElo "1526"]
[BlackElo "1218"]

1. e4 Nf6 2. Qf3 c5 3. Bc4 e5 4. d3 Nc6 5. Bg5 Qa5+ 6. Nc3 Nd4 7. Qd1 d6 8. Nf3
Bg4 9. O-O Nxf3+ 10. gxf3 Bh3 11. Re1 Qb6 12. f4 Bg4 13. Nd5 Qxb2 14. Qb1 Qxb1
15. Rexb1 Rb8 16. Bxf6 gxf6 17. Nxf6+ Ke7 18. Nxg4 Rg8 19. h3 Bh6 20. fxe5 dxe5
21. Kf1 Bf4 22. Nh6 Bxh6 23. Ke2 a6 24. Rb6 Rg6 25. Rxg6 hxg6 26. Rf1 b5 27. Bd5
c4 28. dxc4 b4 29. c5 a5 30. c6 Rc8 31. f3 Rc7 32. h4 Bf4 33. Rh1 Bh6 34. h5 g5
35. Rh3 f6 36. Rh1 a4 37. Rb1 f5 38. exf5 Kf6 39. Be4 Bf8 40. a3 bxa3 41. Rb8
Kg7 42. Rb7 Rxb7 43. cxb7 a2 44. b8=Q a1=Q 45. Qc7+ Kh6 46. Qf7 Qa3 47. Qg6# 1-0

[Event "Challenge"]
[Site "http://www.queenalice.com/game.php?id=186896"]
[Date "2007.3.24"]
[Round "-"]
[White "fernandosoares"]
[Black "antheu"]
[Result "0-1"]
[WhiteElo "1171"]
[BlackElo "1214"]

1. e3 c5 2. Qh5 g6 3. Qf3 Nf6 4. Nc3 Nc6 5. h4 Bg7 6. b4 d6 7. a3 O-O 8. bxc5
dxc5 9. Nh3 Qd6 10. Nb5 Qe5 11. d4 Qe4 12. dxc5 Qxc2 13. Bd2 Nd7 14. Rc1 Qb2 15.
Nc3 Bxc3 16. Rxc3 Nde5 17. Qd1 Bg4 18. Ng5 Bxd1 19. Kxd1 Qa1+ 20. Ke2 Rfd8 21.
g3 Qa2 22. Bh3 Qxd2+ 23. Kf1 Qxc3 24. f4 Qd3+ 25. Kf2 Nc4 26. Re1 Qd2+ 27. Re2
Qd3 28. a4 Qa3 29. e4 Qxc5+ 30. Kf3 Nd4+ 31. Kg4 Nxe2 32. Bf1 Qf2 33. Bxe2 Qxe2+
34. Nf3 Rac8 0-1

[Event "Challenge"]
[Site "http://www.queenalice.com/game.php?id=188948"]
[Date "2007.3.28"]
[Round "-"]
[White "sh4rp3r"]
[Black "antheu"]
[Result "1-0"]
[WhiteElo "1385"]
[BlackElo "1228"]

1. c4 f5 2. d4 Nc6 3. Nc3 Nf6 4. Nf3 d6 5. d5 Ne5 6. Qd4 c5 7. Qf4 Qa5 8. Ng5
Ng6 9. Bd2 e5 10. Nb5 Qb6 11. Qe3 Ng4 12. Qf3 e4 13. Qc3 Be7 14. Qxg7 Rf8 15.
Nxh7 N4e5 16. Bg5 Qd8 17. f4 Kd7 18. fxe5 Nxe5 19. Qh6 Rh8 20. Bxe7 Kxe7 21. Rc1
Ng4 22. Qg7+ Ke8 23. Qxh8+ Kd7 24. Nf8+ Ke7 25. Ng6+ Kd7 26. Qh5 Qa5+ 27. Rc3
Ne3 28. Qh7+ Ke8 29. Qe7# 1-0

[Event "Revanche"]
[Site "http://www.queenalice.com/game.php?id=189127"]
[Date "2007.3.28"]
[Round "-"]
[White "antheu"]
[Black "groo"]
[Result "1-0"]
[WhiteElo "1253"]
[BlackElo "1369"]

1. c4 d6 2. e4 Nf6 3. Nc3 g6 4. Nf3 c6 5. d4 Bg4 6. Bg5 Nbd7 7. d5 cxd5 8. cxd5
Qa5 9. Qa4 Qb6 10. Nd4 Qxd4 11. Qxd4 Bg7 12. Nb5 Nh5 13. Qc4 O-O 14. f3 Nb6 15.
Qc7 Bxb2 16. Rb1 Rac8 17. Qxb7 Nc4 18. Bxe7 Rfe8 19. Nxd6 Nxd6 20. Bxd6 Bd4 21.
fxg4 Nf6 22. e5 Bxe5 23. Bxe5 Rc2 24. Kd1 Rxa2 25. Bxf6 Re6 26. Qc8+ Re8 27.
Qxe8# 1-0

[Event "Challenge"]
[Site "http://www.queenalice.com/game.php?id=189637"]
[Date "2007.3.30"]
[Round "-"]
[White "bonzinho"]
[Black "antheu"]
[Result "0-1"]
[WhiteElo "1202"]
[BlackElo "1218"]

1. e4 c5 2. d3 e5 3. Nf3 Nc6 4. Be3 Nf6 5. h4 g6 6. Bg5 Qa5+ 7. Nc3 Bg7 8. Qd2
O-O 9. a4 d6 10. Nd5 Qd8 11. Nc3 a6 12. a5 Bg4 13. Ra4 b6 14. Nd5 b5 15. Ra3 Qb8
16. Bxf6 Bxf3 17. gxf3 b4 18. Rb3 Nd4 19. Ne7+ Kh8 20. Nc6 Qb7 21. Nxd4 exd4 22.
Bg5 Qc7 23. Bh3 Qxa5 24. Be7 Rfe8 25. Bxd6 Qa1+ 26. Qd1 Qa5 27. Rg1 Rad8 28. Bf4
Rf8 29. Bg5 Rb8 30. Be7 Rfe8 31. Bd6 Rbd8 32. Bf4 Be5 33. Bg5 Rb8 34. f4 Bd6 35.
Bh6 Qd8 36. Qa1 Qxh4 37. Bg5 Qxh3 38. Qxa6 Qd7 39. Bf6+ Kg8 40. e5 Be7 41. e6
fxe6 42. Be5 Ra8 43. Qb6 Ra1+ 44. Ke2 Rxg1 45. c3 Qd5 46. Bc7 Qxb3 47. cxb4
Qxb2+ 48. Kf3 Ra8 49. Qxe6+ Kf8 50. f5 gxf5 51. Qxf5+ Ke8 52. Qxh7 Kd7 53. Be5
Rf8+ 54. Bf4 cxb4 55. Ke4 Qxf2 56. Qh3+ Kc6 57. Qe6+ Bd6 58. Bxd6 Qe2+ 59. Kxd4
Qxe6 60. Bxf8 Qf6+ 61. Kc4 Qxf8 62. d4 Rc1+ 63. Kd3 Qf3+ 64. Kd2 Qc3+ 65. Ke2
Rc2+ 66. Kf1 Qa1# 0-1

[Event "Revanche 2 - O retorno!"]
[Site "http://www.queenalice.com/game.php?id=195906"]
[Date "2007.4.12"]
[Round "-"]
[White "groo"]
[Black "antheu"]
[Result "0-1"]
[WhiteElo "1398"]
[BlackElo "1295"]

1. d4 d5 2. e3 Nf6 3. c4 Nc6 4. Nc3 Qd6 5. Nb5 Qb4+ 6. Bd2 Qxb2 7. Nxc7+ Kd8 8.
Nxa8 Bg4 9. Nf3 Ne4 10. h3 Bh5 11. cxd5 Nb4 12. Rb1 Nc2+ 13. Ke2 Qxa2 14. Qc1
Qc4+ 15. Kd1 Nxf2# 0-1

[Event "play?????????"]
[Site "http://www.queenalice.com/game.php?id=198013"]
[Date "2007.4.17"]
[Round "-"]
[White "antheu"]
[Black "plano99"]
[Result "0-1"]
[WhiteElo "1315"]
[BlackElo "1495"]

1. c4 Nf6 2. Nf3 Nc6 3. d3 e5 4. Nc3 Bb4 5. Qd2 e4 6. g3 exf3 7. Qe3+ Qe7 8. a3
Bc5 9. exf3 Bxe3 10. fxe3 d6 11. f4 Bg4 12. h3 Bf3 0-1

[Event "Challenge"]
[Site "http://www.queenalice.com/game.php?id=198029"]
[Date "2007.4.17"]
[Round "-"]
[White "julisses"]
[Black "antheu"]
[Result "1-0"]
[WhiteElo "1199"]
[BlackElo "1285"]

1. e4 c5 2. Nf3 Nf6 3. Bc4 e6 4. Ne5 d6 5. Nf3 Nc6 6. b3 g6 7. Bb2 Bg7 8. Ng5
Qa5 9. Bc3 Nb4 10. d4 cxd4 11. Qxd4 Qxg5 12. Bxb4 e5 13. Qd2 1-0

[Event "Challenge"]
[Site "http://www.queenalice.com/game.php?id=198030"]
[Date "2007.4.17"]
[Round "-"]
[White "eduardofelix"]
[Black "antheu"]
[Result "1-0"]
[WhiteElo "1465"]
[BlackElo "1302"]

1. e4 c5 2. Nf3 Nf6 3. Nc3 Nc6 4. e5 Ng4 5. h3 Ngxe5 6. Nxe5 Nxe5 7. Be2 d5 8.
Bb5+ Bd7 9. Qe2 f6 10. Nxd5 e6 11. Nc3 a6 12. Bxd7+ Qxd7 13. O-O Qd4 14. d3 Bd6
15. Qe4 Rb8 16. Be3 Qb4 17. Qxb4 cxb4 18. Ne4 Bc7 19. Bc5 Ba5 20. Nd6+ Kd7 21.
d4 Nc4 22. Nxc4 Bc7 23. Bxb4 Rbd8 24. Na5 b5 25. Rfe1 Bd6 26. Bxd6 Kxd6 27. Nb7+
Kc7 28. Nxd8 Rxd8 29. Rxe6 Kd7 30. Rae1 a5 31. Re7+ Kd6 32. R1e6+ Kd5 33. Re8
Rd7 34. c3 Kc4 35. R6e7 Rd5 36. Rc8+ Kd3 37. Re1 Kd2 38. Kf1 b4 39. cxb4 axb4
40. Rc4 Rb5 41. b3 g5 42. Rc5 Rb7 43. d5 Rd7 44. a4 h5 45. a5 f5 46. a6 f4 47.
Ra5 Kc2 48. a7 Kxb3 49. a8=Q Kc2 50. Qc8+ Kd2 51. Qxd7 1-0

[Event "Challenge"]
[Site "http://www.queenalice.com/game.php?id=198125"]
[Date "2007.4.17"]
[Round "-"]
[White "Jorge"]
[Black "antheu"]
[Result "1-0"]
[WhiteElo "1381"]
[BlackElo "1315"]

1. e4 c5 2. Bc4 e6 3. Nh3 Nf6 4. O-O g6 5. d3 Qc7 6. g3 Bg7 7. Be3 O-O 8. Nc3 d6
9. Nb5 Qa5 10. Nxd6 Nfd7 11. Bd2 Qb6 12. Nxc8 Rxc8 13. Qf3 Bxb2 14. Rab1 Ne5 15.
Qe3 Nbc6 16. Bb3 Bd4 17. Qh6 Nf3+ 18. Kg2 Nxd2 19. Ng5 Nxf1 20. Qxh7+ Kf8 21.
Qxf7# 1-0

[Event "Jogo rapido!"]
[Site "http://www.queenalice.com/game.php?id=204947"]
[Date "2007.5.2"]
[Round "-"]
[White "PotHix"]
[Black "antheu"]
[Result "1-0"]
[WhiteElo "1427"]
[BlackElo "1285"]

1. e4 c5 2. Nc3 Nf6 3. d3 Nc6 4. Nf3 g6 5. d4 d6 6. e5 Bg7 7. exf6 Bxf6 8. Nd5
e6 9. Nxf6+ Qxf6 10. Bg5 Qf5 11. h3 cxd4 12. b4 e5 13. g4 Qe4+ 14. Qe2 Qd5 15.
Bf6 O-O 16. c4 Qe6 17. g5 Nxb4 18. Qb2 Nd3+ 19. Bxd3 Qg4 20. hxg4 Bxg4 21. Be2
b6 22. Nh4 Be6 23. O-O-O a5 24. Qxb6 Rab8 25. Qxd6 1-0